000 00892nam a22002537a 4500
005 20240530110438.0
008 150414s2011 xxu g 000 0 ara d
017 _a2011/7083
_bمصر . دار الكتب المصرية
020 _a9789774276844
040 _aEG-CaGPL
082 0 4 _221
_a813.083\
_bهـ س
100 0 _aهشام الخشن
245 1 _a7 ايام فى التحرير :
_bرواية /
_cهشام الخشن
250 _aط1
260 _aالقاهرة :
_bالدار المصرية اللبنانية ،
_c2011.
300 _a151 ص ؛
_c19 سم .
650 0 4 _aالقصص العربية
_xثورة 25 يناير
650 0 4 _aالقصص الواقعية
650 0 4 _aالقصص الاجتماعية
650 0 4 _aالادب العربى
651 0 4 _aمصر
_xتاريخ
_xالثورات
942 _2ddc
_cBK
999 _c60991
_d60991